Paroles - Fête de trop - Eddy de Pretto - Statistiques

Statistiques générales
  • Ce quiz a été pris 93 fois
  • Le résultat moyen est 146 sur 233
Statistiques - réponses
Réponse % Correct
de
97%
trop
97%
fête
96%
Ce
94%
ce
94%
la
94%
94%
C'est
93%
je
90%
Et
86%
et
86%
à
84%
A
84%
sa
83%
Le
81%
ça
80%
j'ai
80%
J'ai
80%
ma
80%
soir
80%
jusqu'au
79%
les
79%
me
79%
Moi
76%
bu
74%
74%
même
73%
Dans
71%
dans
71%
fait
71%
tous
71%
tout
71%
vu
71%
des
70%
Tu
70%
tes
69%
en
67%
fiasco
67%
l'ai
67%
lu
67%
Que
67%
que
67%
bien
66%
outrance
66%
au
64%
faite
64%
potes
64%
sais
64%
toute
64%
joyaux
63%
pop
63%
paillettes
61%
défaite
57%
réduis
54%
sur
54%
luis
53%
pris
53%
sans
53%
avance
51%
avec
51%
Avec
51%
côtoyé
51%
lueur
51%
mais
51%
mes
51%
Regarde
51%
l'absinthe
50%
petits
50%
danse
49%
d'élégance
49%
langue
49%
pour
49%
rails
49%
bouches
47%
mains
47%
rares
47%
salles
47%
suis
47%
muqueuses
46%
saliveuses
46%
si
46%
voit
46%
noires
44%
par
44%
passage
44%
l'on
43%
cet
41%
garçons
41%
nymphes
41%
qu'les
41%
glissé
40%
mon
40%
nues
40%
piste
40%
angles
39%
bel
39%
déjà
39%
fuir
39%
mascarade
39%
D'avantage
37%
lamentables
37%
Puis
37%
rentré
37%
tenté
37%
Alors
36%
d'approcher
36%
froideur
36%
lentement
36%
mâchoires
36%
serré
36%
amants
34%
cette
34%
d'argent
34%
demain
34%
KO
34%
l'envie
34%
maussade
34%
rien
34%
saignements
34%
surplus
34%
trouvé
34%
urgences
34%
vives
34%
air
33%
beaucoup
33%
ivres
33%
moins
33%
pansements
33%
recommence
33%
rempli
33%
ajusté
31%
apparents
31%
Autant
31%
exaltée
31%
soient
31%
corps
30%
d'apparence
30%
excepté
30%
pense
30%
torturé
30%
manuel
29%
d'précis
26%
Exactement
26%
relâché
24%
zélé
23%
Aucun quiz correspondant
Distribution des résultats
% des personnes avec chaque résultat
Percentile par nombre de réponses
Votre historique - résultats
Vous n’avez pas pris ce quiz